全列車グリーン車連結のみが発着する駅 - Statistics

General Stats
  • This quiz has been taken 407 times
    213 since last reset
  • The average score is 30 of 46
Answer Stats
駅名 % Correct
新富士
80%
東戸塚
77%
くりこま高原
77%
白石蔵王
77%
七戸十和田
75%
本庄早稲田
75%
岐阜羽島
75%
古河
74%
東大宮
73%
安中榛名
73%
白岡
72%
新川崎
72%
保土ケ谷
72%
ひたち野うしく
71%
土呂
71%
奥津軽いまべつ
71%
蓮田
70%
上毛高原
70%
牛久
69%
新白岡
69%
北上尾
69%
水沢江刺
69%
籠原
67%
行田
67%
北鴻巣
67%
宮原
67%
辻堂
67%
東鷲宮
66%
野木
65%
黒部宇奈月温泉
65%
越前たけふ
65%
荒川沖
64%
藤代
64%
間々田
64%
龍ケ崎市
62%
吹上
62%
北鎌倉
62%
尾久
60%
馬喰町
60%
新日本橋
60%
神保原
57%
岡部
56%
東小金井
53%
武蔵小金井
53%
トマム
37%
占冠
35%
No matching quizzes found
Score Distribution
Percent of People with Each Score
Percentile by Number Answered
Your Score History
You have not taken this quiz since the last reset